<?xml version="1.0" encoding="UTF-8"?>
<record
    xmlns:xsi="http://www.w3.org/2001/XMLSchema-instance"
    xsi:schemaLocation="http://www.loc.gov/MARC21/slim http://www.loc.gov/standards/marcxml/schema/MARC21slim.xsd"
    xmlns="http://www.loc.gov/MARC21/slim">

  <leader>00835nam a22001697a 4500</leader>
  <datafield tag="952" ind1=" " ind2=" ">
    <subfield code="0">0</subfield>
    <subfield code="1">0</subfield>
    <subfield code="2">lcc</subfield>
    <subfield code="4">0</subfield>
    <subfield code="7">0</subfield>
    <subfield code="a">08</subfield>
    <subfield code="b">08</subfield>
    <subfield code="d">2020-01-16</subfield>
    <subfield code="l">0</subfield>
    <subfield code="o">F1234.M19 K73 2012</subfield>
    <subfield code="p">08 006980</subfield>
    <subfield code="r">2020-01-16</subfield>
    <subfield code="t">1</subfield>
    <subfield code="w">2020-01-16</subfield>
    <subfield code="y">LB</subfield>
  </datafield>
  <datafield tag="999" ind1=" " ind2=" ">
    <subfield code="c">104806</subfield>
    <subfield code="d">104806</subfield>
  </datafield>
  <controlfield tag="008">200116s2012    mx ||||| |||| 00| 0 spa d</controlfield>
  <datafield tag="050" ind1="0" ind2="4">
    <subfield code="a">F1234.M19</subfield>
    <subfield code="b">K73 2012</subfield>
  </datafield>
  <datafield tag="100" ind1=" " ind2="0">
    <subfield code="a">Krauze, Enrique</subfield>
    <subfield code="e">autor </subfield>
    <subfield code="d">1947-</subfield>
  </datafield>
  <datafield tag="245" ind1="1" ind2="3">
    <subfield code="a">Biograf&#xED;a del poder</subfield>
    <subfield code="c">/ Enrique Krauze</subfield>
  </datafield>
  <datafield tag="260" ind1=" " ind2=" ">
    <subfield code="a">M&#xE9;xico</subfield>
    <subfield code="b">: Televisa; Cl&#xED;o tv</subfield>
    <subfield code="c">, 2012</subfield>
  </datafield>
  <datafield tag="300" ind1=" " ind2=" ">
    <subfield code="a">18 cm.</subfield>
    <subfield code="b">2 discos</subfield>
  </datafield>
  <datafield tag="490" ind1=" " ind2=" ">
    <subfield code="a">Serie de Enrique Krauze</subfield>
  </datafield>
  <datafield tag="500" ind1=" " ind2=" ">
    <subfield code="a">Disco 1: Porfirio D&#xED;az: m&#xED;stico de la autoridad, Francisco I. Madero: m&#xED;stico de la libertad, Emiliano Zapata: el amor a la tierra, Francisco Villa: el &#xE1;ngel y el fierro; Disco 2: Venustiano Carranza: puente entre siglos, &#xC1;lvaro Obreg&#xF3;n: el v&#xE9;rtigo de la victoria, Plutarco Elias Calles: reformar esde el origen. </subfield>
  </datafield>
  <datafield tag="519" ind1=" " ind2=" ">
    <subfield code="a">Material complementario / </subfield>
    <subfield code="d">(08 006980)</subfield>
  </datafield>
  <datafield tag="650" ind1=" " ind2="0">
    <subfield code="a">M&#xC9;XICO POL&#xCD;TICA GOBIERNO</subfield>
  </datafield>
  <datafield tag="942" ind1=" " ind2=" ">
    <subfield code="2">lcc</subfield>
    <subfield code="c">LB</subfield>
  </datafield>
</record>
